| 000 | 00896cam a2200277 a 4500 | ||
|---|---|---|---|
| 001 | 1588421 | ||
| 003 | GBCCL | ||
| 005 | 20250127113716.0 | ||
| 008 | 930823s1993 ilua b 000 0 eng d | ||
| 020 |
_a0802428991 : _c$16.99 |
||
| 035 | _a(OCoLC)27702910 | ||
| 040 |
_aViVb _cViVb _dDLC |
||
| 082 | 0 | 0 |
_a306.850973 _220 _bBAR 1 |
| 100 | 1 | _aBarna, George. | |
| 245 | 1 | 4 |
_aThe future of the American family / _cGeorge Barna. |
| 260 |
_aChicago : _bMoody Press, _cc1993. |
||
| 300 |
_a212 p. : _bill. ; _c24 cm. |
||
| 504 | _aIncludes bibliographical references. | ||
| 650 | 0 |
_aFamilies _zUnited States. |
|
| 650 | 0 |
_aFamilies _xReligious life. |
|
| 650 | 0 |
_aMarriage _zUnited States. |
|
| 650 | 0 |
_aMarriage _xReligious aspects _xChristianity. |
|
| 906 |
_a7 _bcbc _ccopycat _d2 _encip _f19 _gy-gencatlg |
||
| 942 |
_2ddc _cBK _n0 |
||
| 999 |
_c10588 _d10588 |
||